<?xml version="1.0" encoding="UTF-8"?>
<record
    xmlns:xsi="http://www.w3.org/2001/XMLSchema-instance"
    xsi:schemaLocation="http://www.loc.gov/MARC21/slim http://www.loc.gov/standards/marcxml/schema/MARC21slim.xsd"
    xmlns="http://www.loc.gov/MARC21/slim">

  <leader>02427nam a22002177a 4500</leader>
  <controlfield tag="003">OSt</controlfield>
  <controlfield tag="005">20221124124759.0</controlfield>
  <controlfield tag="008">190802b        xxu||||| |||| 00| 0 eng d</controlfield>
  <datafield tag="020" ind1=" " ind2=" ">
    <subfield code="a">9780470647912</subfield>
  </datafield>
  <datafield tag="040" ind1=" " ind2=" ">
    <subfield code="c">LC</subfield>
  </datafield>
  <datafield tag="050" ind1=" " ind2=" ">
    <subfield code="a">HF5636.M57</subfield>
  </datafield>
  <datafield tag="100" ind1=" " ind2=" ">
    <subfield code="a">Mirza, Abbas Ali.</subfield>
    <subfield code="9">804</subfield>
  </datafield>
  <datafield tag="245" ind1=" " ind2=" ">
    <subfield code="a">IFRS: Practical implementation guide and workbook. /</subfield>
    <subfield code="c">Abbas Ali Mirza and Graham J. Holt.</subfield>
  </datafield>
  <datafield tag="250" ind1=" " ind2=" ">
    <subfield code="a">3rd. ed.</subfield>
  </datafield>
  <datafield tag="260" ind1=" " ind2=" ">
    <subfield code="a">New Jersey: </subfield>
    <subfield code="b">John Wiley and Sons Inc.,</subfield>
    <subfield code="c">2011.</subfield>
  </datafield>
  <datafield tag="300" ind1=" " ind2=" ">
    <subfield code="a">584 p. :</subfield>
    <subfield code="b">ill. ;</subfield>
    <subfield code="c">28 cm.</subfield>
  </datafield>
  <datafield tag="500" ind1=" " ind2=" ">
    <subfield code="a">Includes index.</subfield>
  </datafield>
  <datafield tag="505" ind1=" " ind2=" ">
    <subfield code="a">Contents: Introduction to International Financial Reporting Standards -- IASB framework -- Presentation of financial statements (IAS 1)  -- Inventories (IAS 2) -- Statement of cash flows (IAS 7) -- Accounting policies, changes in accounting estimates and errors (IAS 8) -- Events after the reporting period (IAS 10) -- Construction contracts (IAS 11) -- Income taxes (IAS 12) -- Property, plant, and equipment (IAS 16) -- Leases (IAS 17) -- Revenue (IAS 18) -- Employee benefits (IAS 19) -- Accounting for government grants and disclosure of government assistance (IAS 20) -- The effects of changes in foreign exchange rates (IAS 21) -- Borrowing costs (IAS 23) -- Related-party disclosures (IAS 24) -- Accounting and reporting by retirement plans (IAS 26) -- Consolidated and separated financial statements (IAS 27) --  Investments in associates (IAS 28) -- Financial reporting in hyperinflationary economies (IAS 29) -- Interests in joint ventures (IAS 31) -- Financial instruments: presentation (IAS 32) -- Finanacial instruments: recognition and measurement (IAS 39) -- Earnings per share IAS 33) -- Interim financial reporting (IAS 34) -- Impairment of assets (IAS 36) -- Provisions, contigent liabilities, and contingent assets (IAS 37) -- Intangible assets (IAS 38) -- Investment property (IAS 40) -- Agriculture (IAS 41) -- First-time adoption of international financial reporting standards (IFRS 1) -- Share-based payment (IFRS 2) -- Business combinations (IFRS 3) -- Insurance contracts (IFRS 4) -- Noncurrent assets held for sale and discontinued operations (IFRS 5) -- Exploration for and evaluation of mineral resources (IFRS 6) -- Financial instruments: disclosures (IFRS 7) -- Operating segments (IFRS 8) -- Financial instruments (IFRS 9) -- IFRS for SMEs -- Answers for multiple-choice questions -- </subfield>
  </datafield>
  <datafield tag="700" ind1=" " ind2=" ">
    <subfield code="a">Holt, Graham J.</subfield>
    <subfield code="9">805</subfield>
  </datafield>
  <datafield tag="942" ind1=" " ind2=" ">
    <subfield code="2">lcc</subfield>
    <subfield code="c">BK</subfield>
  </datafield>
  <datafield tag="999" ind1=" " ind2=" ">
    <subfield code="c">9328</subfield>
    <subfield code="d">16828</subfield>
  </datafield>
  <datafield tag="952" ind1=" " ind2=" ">
    <subfield code="0">0</subfield>
    <subfield code="1">0</subfield>
    <subfield code="2">lcc</subfield>
    <subfield code="4">0</subfield>
    <subfield code="7">0</subfield>
    <subfield code="a">WIUC-KL</subfield>
    <subfield code="b">WIUC-KL</subfield>
    <subfield code="c">GEN</subfield>
    <subfield code="d">2019-10-30</subfield>
    <subfield code="l">0</subfield>
    <subfield code="o">HF5636.M57(3e)</subfield>
    <subfield code="p">K/931/931/19</subfield>
    <subfield code="r">2022-11-24 00:00:00</subfield>
    <subfield code="w">2022-11-24</subfield>
    <subfield code="y">BK</subfield>
  </datafield>
</record>
